La celebración de la palabra: teología y pastoral
Bewaard in:
| Hoofdauteur: | |
|---|---|
| Formaat: | Boek |
| Taal: | Spaans |
| Gepubliceerd in: |
Barcelona
Centre de Pastoral Litúrgica
2005
|
| Editie: | 1a. ed |
| Reeks: | Biblioteca Litúrgica, 24
|
| Onderwerpen: | |
| Tags: |
Voeg label toe
Geen labels, Wees de eerste die dit record labelt!
|
MARC
| LEADER | 00000cam a2200000 a 4500 | ||
|---|---|---|---|
| 001 | UCE8740 | ||
| 003 | CL-VaPUC | ||
| 008 | 150827e20050000sp |||||||||||||||||spa|d | ||
| 020 | |a 8498050448 | ||
| 082 | 0 | 4 | |a 268 |b ARO |2 21 |
| 100 | 0 | |a Arocena, Félix María |e author |9 581454 | |
| 245 | 1 | 3 | |a La celebración de la palabra: teología y pastoral |
| 250 | |a 1a. ed | ||
| 300 | |a 188 p | ||
| 942 | |c BK | ||
| 945 | |d 20150827 16:13:00 |a gsalatino | ||
| 260 | |a Barcelona |b Centre de Pastoral Litúrgica |c 2005 | ||
| 650 | 0 | |a Educación religiosa |9 308312 | |
| 650 | 7 | |a EVANGELIZACION |2 CL-VaPUC |9 581455 | |
| 650 | 0 | |a Teología |9 258766 | |
| 583 | |a last modification |c 20150827 16:13:00 |k Rodrigo Vera | ||
| 490 | 0 | |a Biblioteca Litúrgica, 24 | |
| 999 | |c 360519 |d 360517 | ||
| 952 | |0 0 |1 0 |3 erb |4 0 |6 268_000000000000000_ARO_2005 |7 0 |8 A |9 470361 |a BIBTEO |b BIBTEO |i 519525K |o 268 ARO 2005 |p 519525K |r 2025-01-17 |w 2019-11-23 |y BK |z Catalogado en:20150827 |k ICR | ||